Musicals by Synonym - Statistics

General Stats
  • This quiz has been taken 224 times
  • The average score is 14 of 20
Answer Stats
Hint Answer % Correct
The Noise of Tunes The Sound of Music
95%
Yodelling in the Precipitation Singin' in the Rain
92%
Small Store of Fears Little Shop of Horrors
89%
The Monarch and Me The King and I
85%
A Supernova is Birthed A Star is Born
80%
Fellas and Figurines Guys and Dolls
79%
Violinist on the Canopy Fiddler on the Roof
77%
My Reasonable Woman My Fair Lady
76%
The Tome of The Church of Jesus Christ of Latter Day Saints The Book of Mormon
73%
The Stony Terror Image Performance The Rocky Horror Picture Show
73%
The Bad Dream Prior to Noel The Nightmare Before Christmas
70%
Amusing Lass Funny Girl
67%
Annette, Grab Your Pistol Annie Get Your Gun
65%
Snog Me Katherine Kiss Me Kate
64%
Mucky Prancing Dirty Dancing
60%
The Directors The Producers
58%
Lubricant Grease
55%
Mademoiselle Ho Chi Minh City Miss Saigon
51%
Red Windmill Moulin Rouge
36%
Gloss Your Carriage Paint Your Wagon
15%
No matching quizzes found
Score Distribution
Percent of People with Each Score
Percentile by Number Answered
Your Score History
You have not taken this quiz